Architectural graphic standards: for architects, engineers, decorators, builders, ...(5th ed.) (Record no. 84331)

MARC details
000 -LEADER
fixed length control field 00792nam a2200181 a 4500
008 - FIXED-LENGTH DATA ELEMENTS--GENERAL INFORMATION
fixed length control field 120416s1956 ||||||||||||||||| || u
050 ## - LIBRARY OF CONGRESS CALL NUMBER
Classification number TH 2031 RAM
100 ## - MAIN ENTRY--PERSONAL NAME
Personal name Ramsey, Charles George
245 10 - TITLE STATEMENT
Title Architectural graphic standards: for architects, engineers, decorators, builders, ...(5th ed.)
250 ## - EDITION STATEMENT
Edition statement 5th ed.
260 ## - PUBLICATION, DISTRIBUTION, ETC.
Place of publication, distribution, etc. New York
Name of publisher, distributor, etc. John Wiley and Sons
Date of publication, distribution, etc. 1956
300 ## - PHYSICAL DESCRIPTION
Extent x, 758p. : ill.
350 ## -
-- 0.00
650 ## - SUBJECT ADDED ENTRY--TOPICAL TERM
Topical term or geographic name entry element BUILDING--DEATAILS--DRAWINGS--STANDARDS
650 ## - SUBJECT ADDED ENTRY--TOPICAL TERM
Topical term or geographic name entry element BUILDINGS--DETAILS--DRAWINGS
995 ## -
-- REFERENCE BOOKS
-- 0.00
-- 705975
-- CBU-MAIN LIBRARY (Kitwe)
-- 2
-- 0.00
-- TH 2031 Ram
-- 2
-- REFERENCE
-- 023264
-- Reference Collection
995 ## -
-- REFERENCE BOOKS
-- 0.00
-- 703413
-- CBU-MAIN LIBRARY (Kitwe)
-- 1
-- 0.00
-- TH 2031 Ram
-- 1
-- REFERENCE
-- 023265
-- Reference Collection
999 ## -
-- 84331
-- 84331
Holdings
Withdrawn status Lost status Source of classification or shelving scheme Damaged status Not for loan Permanent Location Current Location Shelving location Date acquired Total Checkouts Full call number Barcode Date last seen Copy number Price effective from Koha item type
          CBU-MAIN LIBRARY, KITWE. CBU-MAIN LIBRARY, KITWE.   01/25/2024   TH 2031 RAM 023264 01/25/2024 1 01/25/2024 REFERENCE COLLECTION
          CBU-MAIN LIBRARY, KITWE. CBU-MAIN LIBRARY, KITWE.   01/25/2024   TH 2031 RAM 023265 01/25/2024 2 01/25/2024 REFERENCE COLLECTION